Les Zodiaques ( Hunter x Hunter ) - Statistiques

Statistiques générales
  • Ce quiz a été pris 43 fois
  • Le résultat moyen est 7 sur 14
Statistiques - réponses
Par images Réponse % Correct
Kurapika
100%
Leolio
100%
Ging
89%
Pariston
73%
Cheadle
59%
Kanzai
46%
Botobai
41%
Ginta
38%
Piyon
35%
Saccho
35%
Saiyu
35%
Geru
32%
Mizaisutomu
30%
Kurukku
24%
Aucun quiz correspondant
Distribution des résultats
% des personnes avec chaque résultat
Percentile par nombre de réponses
Votre historique - résultats
Vous n’avez pas pris ce quiz